[Event "Neum"]
[Site "?"]
[Date "2000.??.??"]
[Round "?"]
[White "Svidler, P."]
[Black "Krasenkow, M."]
[Result "1-0"]
[WhiteElo "2685"]
[BlackElo "2700"]
[PlyCount "65"]
[EventDate "2000.??.??"]
[Source "Chess Informant"]
[SourceDate "2000.06.01"]

1. e4 g6 2. d4 Bg7 3. Nc3 c6 4. Nf3 d5 5. h3 Nf6 6. e5 Ne4 7. Nxe4 dxe4 8. Ng5 c5 9. e6 Bxe6 10. Nxe6 fxe6 11. dxc5 Qd5 12. c3 Nc6 13. Be3 O-O-O 14. Bb5 Ne5 15. O-O Nd3 16. c4 Qh5 17. Qa4 Kb8 18. c6 Bd4 19. c5 Nxc5 20. Qa3 Bxe3 21. fxe3 Qe5 22. Rac1 Rd5 23. b4 bxc6 24. Bxc6 Nd3 25. Qa6 Qc7 26. Bxd5 Nxc1 27. Bc4 Nd3 28. Qb5+ Ka8 29. Bxe6 Qb6 30. Qd5+ Kb8 31. Qxe4 Rd8 32. Bc4 Nb2 33. Be2 1-0

[Event "II Campionato Italiano Lampo Online"]
[Site "playchess.com"]
[Date "2007.12.23"]
[Round "1.1"]
[White "Sautto, Daniele"]
[Black "Napoli, Nicolò"]
[Result "0-1"]
[WhiteElo "2571"]
[BlackElo "2779"]
[PlyCount "68"]
[EventDate "2007.12.23"]
[Source "www.chesslib.no"]
[SourceDate "2004.05.04"]

1. e4 g6 2. d4 Bg7 3. Nc3 c6 4. Nf3 d5 5. h3 Nh6 6. Bd3 f6 7. O-O O-O 8. Re1 Nf7 9. Ne2 e5 10. c4 f5 11. cxd5 fxe4 12. Bxe4 cxd5 13. Bc2 e4 14. Nd2 Nc6 15. Nf1 Be6 16. Be3 Rc8 17. Nf4 Ng5 18. Nxe6 Nxe6 19. Bxe4 dxe4 20. d5 Bxb2 21. Rb1 Bc3 22. dxe6 Bxe1 23. Qxe1 b6 24. Bh6 Re8 25. Qxe4 Qf6 26. Re1 g5 27. f4 Qxh6 28. f5 Qf6 29. Ng3 Qd4+ 30. Qxd4 Nxd4 31. Nh5 Nxf5 32. Nf6+ Kg7 33. Nxe8+ Rxe8 34. Re5 Kf6 0-1

[Event "Monarch Assurance"]
[Site "Port Erin"]
[Date "2004.10.03"]
[Round "9"]
[White "Moiseenko, Alexander"]
[Black "Rogers, Ian"]
[Result "1/2-1/2"]
[WhiteElo "2640"]
[BlackElo "2588"]
[PlyCount "57"]
[EventDate "2004.09.25"]
[Source "Roberto Alvarez"]
[SourceDate "2004.10.05"]

1. d4 g6 2. e4 Bg7 3. Nc3 c6 4. Be3 d5 5. Qd2 dxe4 6. Nxe4 Nd7 7. Nf3 Ngf6 8. Nxf6+ Nxf6 9. Bd3 Bf5 10. O-O Bxd3 11. Qxd3 O-O 12. Rfe1 Qc7 13. Rad1 Rfe8 14. Qd2 Rad8 15. Bf4 Qb6 16. c3 Qa6 17. a3 c5 18. Be5 Qa4 19. Qe2 cxd4 20. Nxd4 a6 21. h3 Rd7 22. Rd3 Red8 23. Rf3 Rc8 24. Rd3 Rcd8 25. Rg3 Rd5 26. Re3 R5d7 27. Rg3 Rd5 28. Re3 R5d7 29. Rg3 1/2-1/2

[Event "Reggio Emilia91 Top15"]
[Site "Reggio Emilia"]
[Date "1991.??.??"]
[Round "?"]
[White "Ljubojevic, Ljubomir"]
[Black "Epishin, Vladimir"]
[Result "1/2-1/2"]
[WhiteElo "2590"]
[BlackElo "2620"]
[PlyCount "78"]
[EventDate "1991.01.??"]
[Source "ChessBase"]

1. e4 c6 2. Nc3 d5 3. Nf3 g6 4. d4 Bg4 5. h3 Bxf3 6. Qxf3 e6 7. Bf4 Nd7 8. O-O-O Ngf6 9. exd5 Nxd5 10. Nxd5 cxd5 11. Qb3 Qb6 12. Bb5 Bd6 13. Bxd7+ Kxd7 14. Qf3 Bxf4+ 15. Qxf4 Raf8 16. Rd3 Qc7 17. Qd2 Rc8 18. Kb1 Rhe8 19. g4 Re7 20. h4 Qd6 21. h5 Rg8 22. g5 Kc8 23. a3 b6 24. Rf3 Rd8 25. Rf6 Rc7 26. Qe2 Kb7 27. hxg6 hxg6 28. Rh7 Rf8 29. Qf3 Qd7 30. c3 a5 31. Qd3 Qe8 32. Qf3 b5 33. Ka2 Kb8 34. Qf4 Qc6 35. Rfxf7 Rfxf7 36. Rxf7 Qc4+ 37. Kb1 Qf1+ 38. Kc2 Qe2+ 39. Kc1 Qe1+ 1/2-1/2

[Event "5th IECC"]
[Site "Antalya"]
[Date "2004.05.17"]
[Round "3"]
[White "Jobava, Baadur"]
[Black "Minasian, Artashes"]
[Result "1-0"]
[WhiteElo "2616"]
[BlackElo "2585"]
[PlyCount "101"]
[EventDate "2004.05.15"]
[Source "Roberto Alvarez"]
[SourceDate "2004.05.31"]

1. e4 g6 2. d4 Bg7 3. Nc3 c6 4. Be3 d5 5. Qd2 dxe4 6. Nxe4 Nd7 7. O-O-O Ngf6 8. f3 h6 9. h4 Nd5 10. h5 g5 11. Ne2 f5 12. Nc5 Nxc5 13. dxc5 Qc7 14. Nd4 e6 15. Bc4 Bd7 16. Rhe1 O-O-O 17. Qd3 Kb8 18. Bxd5 cxd5 19. Bd2 Rhe8 20. Bc3 Bh8 21. Nb3 Qh2 22. Bxh8 Rxh8 23. c6 Bxc6 24. Rxe6 Bd7 25. Re7 Qd6 26. Rde1 Rhe8 27. Qe3 f4 28. Qc5 Qxc5 29. Nxc5 Bc6 30. Kd2 Rxe7 31. Rxe7 d4 32. Rg7 Rd5 33. Ne6 a6 34. Nxg5 hxg5 35. h6 Rd8 36. h7 Bd5 37. Rd7 Rxd7 38. h8=Q+ Ka7 39. Qxd4+ Ka8 40. Kc1 Bc6 41. Qf6 g4 42. fxg4 Bxg2 43. Qxf4 Bd5 44. g5 Rf7 45. Qe5 Rf1+ 46. Kd2 Bf7 47. Ke2 Bc4+ 48. Kd2 Bf7 49. Qd6 Rf5 50. Qh6 Ka7 51. g6 1-0

[Event "Europe (5eme championnat individuel)"]
[Site "?"]
[Date "2004.05.17"]
[Round "3.3"]
[White "Jobava Baadur"]
[Black "Minasian Artashes"]
[Result "1-0"]
[WhiteElo "2616"]
[BlackElo "2585"]
[PlyCount "82"]
[EventDate "2004.??.??"]
[Source "www.chesslib.no"]
[SourceDate "2004.05.04"]

1. e4 g6 2. d4 Bg7 3. Nc3 c6 4. Be3 d5 5. Qd2 dxe4 6. Nxe4 Nd7 7. O-O-O Ngf6 8. f3 h6 9. h4 Nd5 10. h5 g5 11. Ne2 f5 12. Nc5 Nxc5 13. dxc5 Qc7 14. Nd4 e6 15. Bc4 Bd7 16. Rhe1 O-O-O 17. Qd3 Kb8 18. Bxd5 cxd5 19. Bd2 Rde8 20. Bc3 Qh2 21. Nb3 Rd8 22. c6 Bxc6 23. Rxe6 Bd7 24. Re7 Qd6 25. Rde1 Rhe8 26. Qe3 f4 27. Qc5 Qxc5 28. Nxc5 Bc6 29. Kd2 Rxe7 30. Rxe7 d4 31. Rxg7 Rd5 32. Ne6 a6 33. Nxg5 hxg5 34. h6 Rd8 35. h7 Bd5 36. Rd7 Rxd7 37. h8=Q+ Kc7 38. Bxd4 Kc6 39. Ke1 Be6 40. Bf6 g4 41. fxg4 Bxg4 1-0

[Event "Groningen"]
[Site "?"]
[Date "1994.??.??"]
[Round "?"]
[White "Almasi, Z."]
[Black "Hodgson, Ju"]
[Result "1-0"]
[WhiteElo "2620"]
[BlackElo "2580"]
[PlyCount "75"]
[EventDate "1994.??.??"]
[Source "ChessBase"]
[SourceDate "1994.10.01"]

1. e4 g6 2. d4 Bg7 3. Nc3 c6 4. f4 d5 5. e5 Nh6 6. Nf3 Bg4 7. h3 Bxf3 8. Qxf3 f6 9. g4 fxe5 10. dxe5 e6 11. h4 Rf8 12. Qg3 Qb6 13. Bd2 Nd7 14. O-O-O O-O-O 15. Be2 Ng8 16. Rh3 Nc5 17. Be3 d4 18. Rxd4 Rxd4 19. Bxd4 Nb3+ 20. axb3 Qxd4 21. Bc4 Rxf4 22. Bxe6+ Kc7 23. Qe1 Rf8 24. Re3 Ne7 25. Rd3 Qf4+ 26. Kb1 Kb8 27. Rd7 Bxe5 28. Rxe7 Bd6 29. Rg7 Re8 30. Rg8 Bf8 31. Qd1 Qf6 32. Qd7 Rxe6 33. Rxf8+ Qxf8 34. Qxe6 Qf1+ 35. Ka2 Qa6+ 36. Na4 b5 37. Qg8+ Kc7 38. Qxh7+ 1-0

[Event "TCh-SCG Men"]
[Site "Budva"]
[Date "2004.09.13"]
[Round "6"]
[White "Nataf, Igor Alexandre"]
[Black "Iordachescu, Viorel"]
[Result "1-0"]
[WhiteElo "2553"]
[BlackElo "2633"]
[PlyCount "87"]
[EventDate "2004.09.08"]
[Source "Roberto Alvarez"]
[SourceDate "2004.09.21"]

1. e4 g6 2. d4 Bg7 3. Nc3 c6 4. f4 d5 5. e5 Nh6 6. Be3 Qb6 7. Na4 Qc7 8. Nf3 f6 9. Qd2 Bg4 10. Nh4 Nf5 11. h3 Nxe3 12. Qxe3 Qa5+ 13. c3 fxe5 14. fxe5 Bc8 15. Nc5 Qc7 16. Qg5 e6 17. Bd3 Qe7 18. Bxg6+ hxg6 19. Qxe7+ Kxe7 20. Nxg6+ Ke8 21. Nxh8 Bxh8 22. O-O b6 23. Nd3 a5 24. Rf3 Ra7 25. Raf1 Bg7 26. Nf4 c5 27. Nh5 Bh6 28. Nf6+ Kd8 29. Ng8 Bg7 30. Rf7 Rd7 31. Rxd7+ Nxd7 32. h4 Ke8 33. Rf3 Ba6 34. Kf2 Nb8 35. h5 Nc6 36. h6 Bh8 37. Nf6+ Ke7 38. Ke3 cxd4+ 39. cxd4 Nb4 40. Rf4 Nd3 41. Rg4 Kf7 42. h7 Bg7 43. Nh5 Bh6+ 44. Kf3 1-0

[Event "BRD"]
[Site "?"]
[Date "1988.??.??"]
[Round "?"]
[White "Chandler, M."]
[Black "Christiansen, L."]
[Result "0-1"]
[WhiteElo "2590"]
[BlackElo "2575"]
[PlyCount "102"]
[EventDate "1988.??.??"]
[Source "ChessBase"]
[SourceDate "1988.01.01"]

1. e4 c6 2. d4 d5 3. Nd2 dxe4 4. Nxe4 Nf6 5. Nxf6+ exf6 6. c3 Bd6 7. Bd3 O-O 8. Qc2 Re8+ 9. Be3 h6 10. Ne2 Na6 11. O-O Nc7 12. c4 Bd7 13. Ng3 Ne6 14. Rad1 Qa5 15. Qb3 Qc7 16. Bb1 Ng5 17. Qd3 f5 18. c5 Bxg3 19. hxg3 Be6 20. Bf4 Qd7 21. f3 f6 22. g4 Qf7 23. b3 g6 24. Bd6 Kg7 25. d5 cxd5 26. Qd4 fxg4 27. fxg4 Bd7 28. Bf4 Bc6 29. Bc1 Re6 30. Bd3 Qe7 31. b4 a6 32. Bb2 Rf8 33. Qf4 Ne4 34. Bc2 Bb5 35. Bd3 Bc6 36. Bd4 Ba4 37. Rde1 Bb5 38. Bxb5 axb5 39. Rd1 Ra8 40. Ba1 Rxa2 41. Rxd5 Rxa1 42. Rxa1 Nc3 43. Qd2 Nxd5 44. Qxd5 Re1+ 45. Rxe1 Qxe1+ 46. Kh2 Qe5+ 47. Qxe5 fxe5 48. Kg3 Kf6 49. Kf3 h5 50. gxh5 gxh5 51. Ke4 h4 0-1

[Event "ARM Ch"]
[Site "Erevan ARM"]
[Date "1996.??.??"]
[Round "13"]
[White "Movsesian, Sergei"]
[Black "Minasian, Artashes"]
[Result "1-0"]
[WhiteElo "2580"]
[BlackElo "2580"]
[PlyCount "87"]
[EventDate "1996.??.??"]
[Source "www.chesslib.no"]
[SourceDate "2004.05.04"]

1. e4 g6 2. d4 c6 3. Nf3 d5 4. Nc3 Bg4 5. exd5 cxd5 6. h3 Bxf3 7. Qxf3 e6 8. Bf4 Nc6 9. Bb5 Bg7 10. Be5 Bxe5 11. dxe5 Nge7 12. O-O-O O-O 13. Qe2 Qb6 14. Ba4 Rac8 15. h4 Qb4 16. Bb3 Qf4+ 17. Kb1 Qxe5 18. Qd2 Nf5 19. h5 Nfd4 20. Rh4 Nxb3 21. axb3 Rc7 22. Re1 Qf6 23. Rf4 Qg7 24. hxg6 hxg6 25. Rh4 Ne7 26. g4 Rfc8 27. Reh1 b5 28. b4 a6 29. f4 g5 30. R4h2 gxf4 31. Qxf4 Ng6 32. Qg5 Rc4 33. Na2 Rf4 34. Nc1 Qf6 35. Qh6 Rf1 36. Qe3 Rxh1 37. Rxh1 Qf4 38. Qh3 Qxb4 39. Qh7+ Kf8 40. Rf1 Rc7 41. Qxg6 Qd2 42. Qh7 Qg5 43. Nd3 Qg7 44. Qh2 1-0

[Event "Metz op"]
[Site "Metz"]
[Date "2001.04.13"]
[Round "7"]
[White "Sokolov, Andrei"]
[Black "Eingorn, Vereslav S"]
[Result "1/2-1/2"]
[WhiteElo "2568"]
[BlackElo "2589"]
[PlyCount "45"]
[EventDate "2001.04.07"]
[Source "ChessBase"]
[SourceDate "2001.05.06"]

1. e4 g6 2. d4 Bg7 3. Nc3 c6 4. h3 d5 5. Nf3 dxe4 6. Nxe4 Nf6 7. Nxf6+ exf6 8. Bc4 O-O 9. O-O a5 10. Re1 Na6 11. Bf1 Nc7 12. c4 Ne6 13. d5 cxd5 14. cxd5 Nc5 15. Bf4 f5 16. Rc1 Ne4 17. Bc7 Qf6 18. Rc2 a4 19. a3 Bd7 20. Be5 Qb6 21. Bc7 Qf6 22. Be5 Qb6 23. Bc7 1/2-1/2

[Event "Cannes"]
[Site "?"]
[Date "1994.??.??"]
[Round "?"]
[White "Dolmatov, S."]
[Black "Minasian, Ar"]
[Result "1-0"]
[WhiteElo "2610"]
[BlackElo "2545"]
[PlyCount "89"]
[EventDate "1994.??.??"]
[Source "ChessBase"]
[SourceDate "1994.02.01"]

1. e4 g6 2. d4 Bg7 3. Nc3 c6 4. f4 d5 5. e5 Nh6 6. Be2 Na6 7. Nf3 Nc7 8. Be3 Bg4 9. h3 Bxf3 10. Bxf3 Nf5 11. Bf2 e6 12. Qd3 Nh4 13. O-O-O Nxf3 14. Qxf3 f5 15. g4 Qe7 16. h4 h5 17. gxh5 gxh5 18. Rhg1 Qf7 19. Rg3 Bh6 20. Rdg1 O-O-O 21. Ne2 Rdg8 22. Rxg8+ Rxg8 23. Rxg8+ Qxg8 24. Qxh5 Qg4 25. Qxg4 fxg4 26. Kd2 Ne8 27. Be3 Ng7 28. Ng3 Nf5 29. Nxf5 exf5 30. h5 Kd7 31. Bf2 c5 32. c3 cxd4 33. cxd4 Ke6 34. Ke3 Kf7 35. Bh4 Bg7 36. Bg5 Bh8 37. Kf2 Bg7 38. Kg3 Bh8 39. Kh4 a6 40. a3 b6 41. a4 b5 42. b3 bxa4 43. bxa4 Bg7 44. h6 Bf8 45. h7 1-0

[Event "Hofmann Cup"]
[Site "Baden-Baden GER"]
[Date "1995.??.??"]
[Round "5"]
[White "Luther, Thomas"]
[Black "Gavrikov, Viktor N"]
[Result "1-0"]
[WhiteElo "2550"]
[BlackElo "2600"]
[PlyCount "76"]
[EventDate "1995.??.??"]
[Source "www.chesslib.no"]
[SourceDate "2004.05.04"]

1. e4 g6 2. d4 Bg7 3. Nc3 c6 4. f4 d5 5. e5 Nh6 6. Nf3 f6 7. Be2 Bg4 8. h3 Bxf3 9. Bxf3 e6 10. O-O O-O 11. Be3 Nf5 12. Bf2 fxe5 13. dxe5 Nd7 14. Ne2 g5 15. g4 Nh6 16. Be3 Qe7 17. fxg5 Nf7 18. h4 Nfxe5 19. Nf4 Nxf3+ 20. Rxf3 Ne5 21. Rf1 Nc4 22. Qe2 Bxb2 23. Rab1 Be5 24. Nh5 b6 25. Bf4 Bh8 26. Kg2 e5 27. Bg3 Qe6 28. Kh3 Rxf1 29. Rxf1 Rf8 30. Rxf8+ Kxf8 31. Qf3+ Qf7 32. Qf5 Nd6 33. Qd3 Ne4 34. Kg2 b5 35. Qa3+ Ke8 36. Qa6 Qd7 37. Kh3 d4 38. Qa3 Nc3 1-0

[Event "Corr"]
[Site "?"]
[Date "2001.??.??"]
[Round "?"]
[White "Hofstetter Hans-Joachim"]
[Black "Berdichesky Ruben"]
[Result "1-0"]
[WhiteElo "2554"]
[BlackElo "2593"]
[PlyCount "33"]
[EventDate "2001.??.??"]
[Source "www.chesslib.no"]
[SourceDate "2004.05.04"]

1. e4 g6 2. d4 Bg7 3. Nc3 c6 4. f4 d5 5. e5 h5 6. Be3 Nh6 7. Nf3 Bg4 8. h3 Nf5 9. Bf2 Bxf3 10. Qxf3 h4 11. Bd3 e6 12. O-O Nd7 13. Ne2 Bf8 14. b3 a5 15. c4 Be7 16. a3 Kf8 17. Kh2 1-0

[Event "JUG Team Ch"]
[Site "Cetinje"]
[Date "1992.??.??"]
[Round "?"]
[White "Smagin, Sergey B"]
[Black "Damljanovic, Branko"]
[Result "1/2-1/2"]
[WhiteElo "2550"]
[BlackElo "2595"]
[PlyCount "116"]
[EventDate "1992.??.??"]
[Source "www.chesslib.no"]
[SourceDate "2004.05.04"]

1. e4 g6 2. d4 Bg7 3. Nc3 c6 4. f4 d5 5. e5 h5 6. Be3 Nh6 7. Nf3 Bg4 8. h3 Bxf3 9. Qxf3 h4 10. Bd3 e6 11. O-O Nd7 12. Ne2 Bf8 13. Kh2 Be7 14. b3 Kf8 15. c4 Kg7 16. Rfc1 a5 17. a4 Nb8 18. Bd2 Na6 19. cxd5 cxd5 20. Nc3 Nb4 21. Nb5 Nc6 22. Rc2 Qd7 23. Rac1 f5 24. Qf2 Nf7 25. Qe1 Bd8 26. Qe3 Bb6 27. Rg1 Rh6 28. g4 hxg3+ 29. Rxg3 Kh7 30. Be1 Rg8 31. Rcg2 Bd8 32. Rg1 Bh4 33. Rg5 Bxe1 34. Qxe1 Kh8 35. R5g3 Qe7 36. R1g2 Qb4 37. Qg1 Kh7 38. Be2 Qe7 39. Qf2 Qh4 40. Kg1 Qe7 41. Qe3 Qb4 42. Kh2 Rg7 43. Qf2 Qe7 44. Kg1 Kg8 45. Qe3 Kf8 46. Bf1 Ke8 47. Rc2 Kd7 48. Qc1 Qb4 49. Kh2 Rh4 50. Bg2 Nfd8 51. Bf1 Ke7 52. Rcg2 Rh6 53. Be2 Kf8 54. Qe3 Kf7 55. Bd1 Ke7 56. Kg1 Kf8 57. Kf2 Qe7 58. Kg1 Qb4 1/2-1/2

[Event "Koszalin op"]
[Site "?"]
[Date "1996.??.??"]
[Round "9"]
[White "Luther Thomas"]
[Black "Krasenkow Michal"]
[Result "1-0"]
[WhiteElo "2535"]
[BlackElo "2610"]
[PlyCount "55"]
[EventDate "1996.??.??"]
[Source "www.chesslib.no"]
[SourceDate "2004.05.04"]

1. e4 g6 2. d4 Bg7 3. Nc3 c6 4. f4 d5 5. e5 Nh6 6. Be2 f6 7. Nf3 Bg4 8. h3 Bxf3 9. Bxf3 Nf5 10. Bg4 e6 11. Bxf5 exf5 12. Be3 Na6 13. g4 Qd7 14. gxf5 Qxf5 15. Qg4 Nc7 16. Qxf5 gxf5 17. Ne2 Ne6 18. O-O-O Bh6 19. Ng3 fxe5 20. Nxf5 exd4 21. Nxh6 dxe3 22. f5 e2 23. Rde1 Nf4 24. Rhf1 Nh5 25. Rxe2+ Kd7 26. f6 Rae8 27. Rg2 Rhf8 28. f7 1-0

[Event "NED Team Ch 9596"]
[Site "NED"]
[Date "1995.??.??"]
[Round "?"]
[White "Van der Wiel, John T H"]
[Black "Rogers, Ian"]
[Result "1/2-1/2"]
[WhiteElo "2570"]
[BlackElo "2570"]
[PlyCount "41"]
[EventDate "1995.??.??"]
[Source "www.chesslib.no"]
[SourceDate "2004.05.04"]

1. e4 c6 2. d4 d5 3. Nd2 dxe4 4. Nxe4 Nf6 5. Nxf6+ exf6 6. Bc4 Qe7+ 7. Qe2 Be6 8. Bxe6 Qxe6 9. Qxe6+ fxe6 10. Bf4 Na6 11. O-O-O O-O-O 12. Ne2 Nb4 13. c3 Nd5 14. c4 Ne7 15. Ng3 h5 16. Rhe1 h4 17. Ne4 Nf5 18. Be3 Bd6 19. g4 hxg3 20. hxg3 Bc7 21. Nc5 1/2-1/2

[Event "Dubai (open) 86/92"]
[Site "?"]
[Date "2002.??.??"]
[Round "?"]
[White "Turov, M."]
[Black "Istratescu, A."]
[Result "0-1"]
[WhiteElo "2533"]
[BlackElo "2606"]
[PlyCount "46"]
[EventDate "2002.??.??"]
[Source "Chess Informant"]
[SourceDate "2002.10.01"]

1. e4 g6 2. d4 Bg7 3. Nc3 c6 4. f4 d5 5. e5 Nh6 6. Nf3 f6 7. Be3 Bg4 8. h3 Bxf3 9. Qxf3 O-O 10. Qe2 fxe5 11. fxe5 Nf5 12. Bf2 Bh6 13. g4 Qb6 14. Qd3 Ng7 15. Be3 Bxe3 16. Qxe3 Qxb2 17. Rb1 Qxc2 18. Rxb7 c5 19. Nxd5 Nc6 20. Bd3 Qxa2 21. Qe2 Qa1+ 22. Rb1 Qxd4 23. Bb5 Nxe5 0-1

[Event "Corus-B"]
[Site "Wijk aan Zee"]
[Date "2002.01.15"]
[Round "1"]
[White "Van der Wiel, John TH"]
[Black "Krasenkow, Michal"]
[Result "1/2-1/2"]
[WhiteElo "2501"]
[BlackElo "2632"]
[PlyCount "46"]
[EventDate "2002.01.15"]
[Source "ChessBase"]
[SourceDate "2002.03.21"]

1. e4 g6 2. d4 Bg7 3. Nc3 c6 4. Be3 d5 5. e5 f6 6. exf6 Nxf6 7. Nf3 O-O 8. Qd2 Ng4 9. Bg5 h6 10. Bh4 g5 11. Bg3 e5 12. Nxe5 Nxe5 13. Bxe5 Bxe5 14. dxe5 Nd7 15. h4 Nxe5 16. hxg5 Qxg5 17. Qxg5+ hxg5 18. Rh5 Rf5 19. Be2 g4 20. Rh4 Kg7 21. Bd3 Nxd3+ 22. cxd3 Rf7 23. Ne2 Bd7 1/2-1/2

[Event "Corus-B"]
[Site "Wijk aan Zee"]
[Date "2002.01.17"]
[Round "3"]
[White "Skripchenko Lautier, Almira"]
[Black "Krasenkow, Michal"]
[Result "0-1"]
[WhiteElo "2498"]
[BlackElo "2632"]
[PlyCount "74"]
[EventDate "2002.01.15"]
[Source "ChessBase"]
[SourceDate "2002.03.21"]

1. e4 g6 2. d4 Bg7 3. Nc3 c6 4. f4 d5 5. e5 Nh6 6. Be2 f6 7. Be3 O-O 8. Qd2 fxe5 9. dxe5 g5 10. fxg5 Nf7 11. Nh3 Bxh3 12. gxh3 Nxe5 13. O-O-O Nbd7 14. Rhf1 Qa5 15. Bd4 Qb4 16. Qe3 Qd6 17. h4 e6 18. Qh3 c5 19. Bf2 d4 20. h5 Qb6 21. Ne4 d3 22. cxd3 Ng6 23. Nf6+ Nxf6 24. hxg6 Nh5 25. Rd2 hxg6 26. Bxh5 gxh5 27. Qxh5 Rf5 28. Rfd1 Raf8 29. Bg3 Qa6 30. Kb1 c4 31. dxc4 Qxc4 32. Rd7 Qe4+ 33. Ka1 Bxb2+ 34. Kxb2 Qb4+ 35. Kc2 Rc5+ 36. Kd3 Rc3+ 37. Kd2 Qb2+ 0-1

[Event "Malmo"]
[Site "?"]
[Date "1993.??.??"]
[Round "?"]
[White "Hellers, F."]
[Black "Petursson, M."]
[Result "1-0"]
[WhiteElo "2565"]
[BlackElo "2560"]
[PlyCount "51"]
[EventDate "1993.??.??"]
[Source "ChessBase"]
[SourceDate "1993.06.01"]

1. e4 g6 2. d4 Bg7 3. Nc3 c6 4. f4 d5 5. e5 h5 6. Nf3 Bg4 7. h3 Bxf3 8. Qxf3 Qb6 9. Qf2 e6 10. Bd3 Ne7 11. O-O Nd7 12. b3 Nf5 13. Ne2 c5 14. c4 dxc4 15. Bxf5 gxf5 16. bxc4 cxd4 17. Nxd4 a6 18. Be3 Qc7 19. c5 Nf8 20. Rab1 f6 21. Qf3 Rb8 22. Rb6 fxe5 23. Nxe6 Nxe6 24. Rxe6+ Kf8 25. fxe5 Kg8 26. Qd5 1-0

[Event "Las Vegas Open 5'"]
[Site "Las Vegas, NV USA"]
[Date "1995.??.??"]
[Round "5"]
[White "Mariano, Nelson"]
[Black "Hodgson, Julian M"]
[Result "0-1"]
[WhiteElo "2510"]
[BlackElo "2615"]
[PlyCount "92"]
[EventDate "1995.??.??"]
[Source "www.chesslib.no"]
[SourceDate "2004.05.04"]

1. e4 g6 2. d4 Bg7 3. Nc3 c6 4. f4 d5 5. e5 Nh6 6. Nf3 f6 7. Be3 Bg4 8. Be2 O-O 9. O-O Nd7 10. h3 Bxf3 11. Rxf3 fxe5 12. dxe5 e6 13. Bf2 g5 14. g3 Nf5 15. g4 Ne7 16. fxg5 Rxf3 17. Bxf3 Nxe5 18. Bg2 N7g6 19. Qd2 Qe7 20. Re1 Rf8 21. Kh1 Nc4 22. Qe2 Nf4 23. Qf3 Nxb2 24. Qg3 Nc4 25. Ne2 Qxg5 26. Nxf4 Qxf4 27. Qxf4 Rxf4 28. Bxa7 e5 29. Bb8 Rf2 30. a4 Rxc2 31. Rb1 Rb2 32. Re1 e4 33. Bf4 Rb4 34. a5 Nxa5 35. Rc1 Nc4 36. h4 Rb2 37. h5 Rf2 38. Bg3 Rd2 39. Bxe4 dxe4 40. Rxc4 e3 41. Re4 e2 42. g5 Bc3 43. g6 hxg6 44. hxg6 Rd1+ 45. Kg2 e1=Q 46. Bxe1 Rxe1 0-1

[Event "It (Open) INT"]
[Site "?"]
[Date "2006.05.06"]
[Round "?"]
[White "Gajsin Evgenij"]
[Black "Kasimdzhanov Rustam"]
[Result "1-0"]
[WhiteElo "2451"]
[BlackElo "2673"]
[PlyCount "123"]
[EventDate "2006.??.??"]
[Source "www.chesslib.no"]
[SourceDate "2004.05.04"]

1. e4 c6 2. d4 d5 3. Nd2 dxe4 4. Nxe4 Nf6 5. Nxf6+ exf6 6. Bc4 Bd6 7. Qe2+ Qe7 8. Qxe7+ Bxe7 9. Ne2 O-O 10. Bf4 Nd7 11. O-O-O Nb6 12. Bb3 a5 13. a4 Be6 14. Bxe6 fxe6 15. b3 Nd5 16. Bg3 Bb4 17. Kb2 Kf7 18. c3 Be7 19. Rhe1 Rfd8 20. Nf4 Nxf4 21. Bxf4 Rd5 22. Rd2 Re8 23. Rde2 Bd8 24. Kc2 Bb6 25. Re4 c5 26. dxc5 Bxc5 27. R4e2 e5 28. Bc1 g5 29. f3 Red8 30. Rd2 h5 31. Rxd5 Rxd5 32. Bd2 b6 33. Rb1 g4 34. b4 Bf2 35. Rf1 g3 36. hxg3 Bxg3 37. Be3 Rd6 38. Rd1 Re6 39. Rd7+ Kg6 40. Rb7 e4 41. Rxb6 Rxb6 42. Bxb6 exf3 43. gxf3 h4 44. Bg1 h3 45. bxa5 h2 46. Bxh2 Bxh2 47. Kd3 Kf5 48. Kd4 Kf4 49. c4 Bg1+ 50. Kd5 Kxf3 51. c5 f5 52. a6 f4 53. a7 Be3 54. a8=Q Ke2 55. Qh8 f3 56. Qh5 Kf2 57. Ke4 Bxc5 58. Qxf3+ Ke1 59. Qg2 Kd1 60. Kd3 Bf2 61. Qxf2 Kc1 62. Qc2# 1-0

[Event "Washington D.C."]
[Site "?"]
[Date "1991.??.??"]
[Round "?"]
[White "Ivanov, Alexa"]
[Black "Rohde, M."]
[Result "1-0"]
[WhiteElo "2565"]
[BlackElo "2550"]
[PlyCount "103"]
[EventDate "1991.??.??"]
[Source "ChessBase"]
[SourceDate "1991.10.01"]

1. e4 c6 2. d4 d5 3. Nd2 dxe4 4. Nxe4 Nf6 5. Nxf6+ exf6 6. c3 Bd6 7. Bd3 O-O 8. Ne2 Qc7 9. Qc2 h6 10. h3 Nd7 11. O-O Re8 12. Be3 Nf8 13. c4 Ne6 14. c5 Bf4 15. Rae1 Bd7 16. Nc3 b6 17. b4 bxc5 18. bxc5 Qa5 19. Bc4 Bxe3 20. fxe3 f5 21. Rd1 Ng5 22. e4 Qb4 23. Bb3 Be6 24. exf5 Bc4 25. Bxc4 Qxc4 26. Qd3 Qxd3 27. Rxd3 Rab8 28. Rf2 Rb4 29. Rc2 Rc4 30. h4 Nh7 31. Re2 Rxe2 32. Nxe2 Rc2 33. Nc3 Nf6 34. Kh2 h5 35. a3 Kh7 36. Nd1 g6 37. fxg6+ Kxg6 38. Ne3 Re2 39. Kg3 Ra2 40. Kf3 Ra1 41. g3 Ra2 42. d5 Nxd5 43. Nxd5 cxd5 44. Rc3 d4 45. c6 dxc3 46. c7 c2 47. c8=Q Rxa3+ 48. Kf2 Ra2 49. Ke3 Kg7 50. Kd2 a5 51. Qc4 Ra3 52. Qc5 1-0

[Event "Corr"]
[Site "?"]
[Date "1999.??.??"]
[Round "9"]
[White "Crespo Ramon Jose"]
[Black "Berdichesky Ruben"]
[Result "1/2-1/2"]
[WhiteElo "2482"]
[BlackElo "2633"]
[PlyCount "115"]
[EventDate "1999.??.??"]
[Source "www.chesslib.no"]
[SourceDate "2004.05.04"]

1. e4 g6 2. d4 Bg7 3. Nc3 c6 4. f4 d5 5. e5 h5 6. Nf3 Bg4 7. h3 Bxf3 8. Qxf3 e6 9. Bd3 Ne7 10. Be3 Nf5 11. Bf2 h4 12. O-O Nd7 13. Qg4 Bf8 14. Nd1 Be7 15. Ne3 Nxd4 16. Nxd5 cxd5 17. Bxd4 Bc5 18. c3 Qb6 19. Rf2 O-O-O 20. Rd1 Kb8 21. a3 Bxd4 22. cxd4 Qxd4 23. Bxg6 Qb6 24. Bxf7 Nc5 25. f5 Ne4 26. Qf4 Rhf8 27. Bxe6 Rde8 28. Bd7 Nxf2 29. e6+ Ka8 30. Qxf2 Qxf2+ 31. Kxf2 Rxf5+ 32. Ke3 Re7 33. Kd4 b6 34. b4 Kb8 35. b5 Rg7 36. Re1 Re7 37. Re2 Rg5 38. a4 Rf5 39. Rc2 Rg7 40. Rc3 Kb7 41. Re3 Re7 42. Rf3 Rg5 43. Rf7 Rg7 44. Rxe7 Rxe7 45. Kxd5 Kc7 46. Ke5 Kd8 47. Kd6 Rg7 48. Bc6 Re7 49. Ke5 Rc7 50. Kf6 a5 51. Be4 Ke8 52. Bc6+ Kd8 53. Bf3 Ke8 54. Bd1 Kf8 55. Bh5 Rg7 56. Bg6 Rf7+ 57. Ke5 Rg7 58. Kf6 1/2-1/2

[Event "TCh-GRE"]
[Site "Aghia Pelagia"]
[Date "2004.07.05"]
[Round "2"]
[White "Mastrovasilis, Dimitrios"]
[Black "Svetushkin, Dmitry"]
[Result "1/2-1/2"]
[WhiteElo "2568"]
[BlackElo "2546"]
[PlyCount "120"]
[EventDate "2004.07.04"]
[Source "Roberto Alvarez"]
[SourceDate "2004.07.12"]

1. e4 g6 2. d4 Bg7 3. Nc3 c6 4. f4 d5 5. e5 Nh6 6. Nf3 Bg4 7. Be3 f6 8. Be2 O-O 9. O-O Nd7 10. h3 Bxf3 11. Bxf3 Nf5 12. Bf2 fxe5 13. fxe5 e6 14. Ne2 Qg5 15. c3 Rf7 16. Qc1 Qe7 17. Be3 Raf8 18. Bg5 Qe8 19. Qd2 h6 20. Be3 h5 21. Bg5 Kh7 22. Rf2 Bh6 23. Bxh6 Nxh6 24. Raf1 Qe7 25. g3 c5 26. Bg2 Rxf2 27. Rxf2 Rxf2 28. Kxf2 cxd4 29. cxd4 Nb8 30. a3 Nc6 31. b4 Nf5 32. h4 Qf8 33. Kg1 a5 34. Bh3 axb4 35. Bxf5 Qxf5 36. axb4 Qb1+ 37. Kf2 Qf5+ 38. Nf4 Qf7 39. Qc3 Qd7 40. Qc5 Kg7 41. b5 Nd8 42. Qd6 Qxd6 43. exd6 Kf6 44. Ke3 Nf7 45. d7 Ke7 46. Nxg6+ Kxd7 47. Nf4 Nd6 48. Nxh5 Nf5+ 49. Kd3 b6 50. Nf4 Nxg3 51. h5 Nf5 52. Ng6 Ke8 53. Ne5 Kf8 54. Nd7+ Kg7 55. Kc3 Nd6 56. Kb4 Nf5 57. Kc3 Nd6 58. Kb4 Nf5 59. Nxb6 Nxd4 60. Nd7 Nxb5 1/2-1/2